Η σημαία σκίστηκε - βρείτε σε ποια χώρα ανήκει #2 - Statistics

General Stats
  • This quiz has been taken 178 times
  • The average score is 12 of 16
Answer Stats
Picture Answer % Correct
Βραζιλία
93%
Νότια Κορέα
91%
Δανία
89%
Κίνα
89%
Βόρεια Μακεδονία
87%
Πορτογαλία
85%
Κροατία
84%
Πακιστάν
83%
Μεξικό
76%
Αυστραλία
72%
Βατικανό
72%
Κένυα
71%
Λευκορωσία
70%
Μαλαισία
64%
Γκάνα
57%
Καμπότζη
56%
No matching quizzes found
Score Distribution
Percent of People with Each Score
Percentile by Number Answered
Your Score History
You have not taken this quiz